000 00410nam a22001697a 4500
003 UA-OsUOA
001 3618
007 ta
008 20050721b un ||||| |||| 00| 0 ukr d
100 _aАракин
700 _aВ. Д.
942 _cBK
040 _aUA-OsUOA
_cUA-OsUOA
_dUA-OsUOA
245 _aПрактический курс англ. яз. 1 курс
_bEnglish practice
955 _a2
650 7 _2UDC
999 _c289780
_d289780